Historia de las relaciones entre China y Rusia Soviética

Salvato in:
Dettagli Bibliografici
Autore principale: Yu, Tang Son (Autore)
Natura: Libro
Lingua:spagnolo
Pubblicazione: Madrid Nacional 1957
Serie:Libros de Actualidad Política, 36
Soggetti:
Tags: Aggiungi Tag
Nessun Tag, puoi essere il primo ad aggiungerne!!

MARC

LEADER 00000nam a2200000 a 4500
001 UCP7244
003 CL-VaPUC
008 991203e19570000SP |||||||||||||||||spa|d
082 0 4 |a 327.51047  |b YUT  |2 21 
100 0 |a Yu, Tang Son  |e author  |9 436751 
245 1 0 |a Historia de las relaciones entre China y Rusia Soviética 
300 |a 378 p 
942 |c BK 
945 |d 19991203 00:00:00  |a crobeson 
260 |a Madrid  |b Nacional  |c 1957 
650 0 |a Relaciones Internacionales  |9 255740 
650 0 |a Política exterior   |9 316628 
650 0 |a Conflicto internacional  |9 341259 
650 0 |a Historia diplomática  |9 314834 
650 0 |a Comunismo  |9 255588 
650 0 |a Guerra Fría   |9 319648 
651 0 |a China   |9 257545 
651 0 |a Unión Soviética  |9 256769 
583 |a last modification  |c 19991203 00:00:00  |k Rodrigo Vera 
490 0 |a Libros de Actualidad Política, 36 
999 |c 284553  |d 284551 
952 |0 0  |1 0  |4 0  |6 327_510470000000000_YUT_1957  |7 0  |8 A  |9 328645  |a BIBHIS  |b BIBHIS  |d 2019-11-20  |i 1372084  |l 1  |o 327.51047 YUT 1957  |p 1372084  |r 2025-01-20  |s 2023-06-27  |w 2019-11-20  |y BK  |k HIS 
952 |0 0  |1 0  |4 0  |6 327_510470000000000_YUT_1957  |7 0  |8 A  |9 328646  |a BIBHIS  |b BIBHIS  |d 2019-11-20  |i 1372092  |o 327.51047 YUT 1957  |p 1372092  |r 2025-01-20  |w 2019-11-20  |y BK  |k HIS